000 00320nam a2200133Ia 4500
008 220216s9999 xx 000 0 und d
100 _aBudiman
245 0 _aIndonesian rubber industry
260 _bIndian Rubber Journal
_c1997
300 _a122-127
650 _aIndonesia
650 _aRubber industry
942 _cJS
999 _c61142
_d61142